The Art of Using Computers /

Guardado en:
Detalles Bibliográficos
Autores principales: Andrews, Lincoln (Autor), Thomason, Annette J (Autor), Fijimoto, M.Jack (Autor)
Formato: Libro
Lenguaje:inglés
Publicado: Boston : Boyd and Fraser Publishing Company, 1986
Etiquetas: Agregar Etiqueta
Sin Etiquetas, Sea el primero en etiquetar este registro!

MARC

LEADER 00000nam a22000003a 4500
001 stu18404
005 20150617225752.5
008 920323s1986----xxu-----------------eng-d
020 |a 0-87835-179-5 
040 |a STU  |b slo 
041 0 |a eng 
044 |a xxu 
080 |a 681.3 
100 1 |a Andrews, Lincoln  |4 aut 
245 1 |a The Art of Using Computers /  |c [aut.]Andrews,Lincoln, Thomason,Annette, Fijimoto,M.Jack 
260 |a Boston :  |b Boyd and Fraser Publishing Company,  |c 1986 
300 |a 569 s :  |b Obr.,tab.,index 
700 1 |a Thomason, Annette J  |4 aut 
700 1 |a Fijimoto, M.Jack  |4 aut 
996 |b C89095  |c C*89095  |l CCIII  |s P  |a 0  |w stu18404_0001 
996 |b C89099  |c C*89099  |l CCIV  |s P  |a 0  |w stu18404_0002 
996 |b C89109  |c C*89109  |l CCVI  |s P  |a 0  |w stu18404_0003 
996 |b C89122  |c C*89122  |l CCVIIIA  |s P  |a 0  |w stu18404_0004 
996 |b C89143  |c C*89143  |l CCX  |s P  |a 0  |w stu18404_0005 
996 |b C89179  |c C*89179  |l CCXX  |s P  |a 0  |w stu18404_0006 
996 |b 284C015371  |c C*89209  |l CCI  |s A  |a 24  |w stu18404_0007 
996 |b C89092  |c C*89092  |l CCII  |s P  |a 0  |w stu18404_0008 
996 |b C89111  |c C*89111  |l CCVII  |s P  |a 0  |w stu18404_0009